Geology and ore deposits of the Cuyuna North Range, Minnesota. (Record no. 29757)

MARC details
000 -LEADER
fixed length control field 01003cam a22002771 4500
001 - CONTROL NUMBER
control field gs 63000337
003 - CONTROL NUMBER IDENTIFIER
control field DLC
005 - DATE AND TIME OF LATEST TRANSACTION
control field 20260227111413.0
008 - FIXED-LENGTH DATA ELEMENTS--GENERAL INFORMATION
fixed length control field 780123s1963 dcuabd b f000 0 eng
010 ## - LIBRARY OF CONGRESS CONTROL NUMBER
LC control number gs 63000337
035 ## - SYSTEM CONTROL NUMBER
System control number (OCoLC)3574586
040 ## - CATALOGING SOURCE
Original cataloging agency DLC
Transcribing agency OClU
Modifying agency ISS
-- OCoLC
-- DLC
042 ## - AUTHENTICATION CODE
Authentication code premarc
050 00 - LIBRARY OF CONGRESS CALL NUMBER
Classification number QE75
Item number .P9 no. 407
086 0# - GOVERNMENT DOCUMENT CLASSIFICATION NUMBER
Classification number I 19.16:407/
100 1# - MAIN ENTRY--PERSONAL NAME
Personal name Schmidt, Robert Gordon,
Dates associated with a name 1924-
245 00 - TITLE STATEMENT
Title Geology and ore deposits of the Cuyuna North Range, Minnesota.
260 ## - PUBLICATION, DISTRIBUTION, ETC.
Place of publication, distribution, etc. Washington,
Name of publisher, distributor, etc. U.S. Govt. Print. Off.,
Date of publication, distribution, etc. 1963.
300 ## - PHYSICAL DESCRIPTION
Extent 96 p.
Other physical details illus., map, diagrs., tables and portfolio (11 fold. plates (incl. maps (part col.)))
Dimensions 29 cm.
410 20 - SERIES STATEMENT/ADDED ENTRY--CORPORATE NAME [OBSOLETE, CAN/MARC], [LOCAL, USA]
Corporate name or jurisdiction name as entry element Geological Survey (U.S.).
Title of a work Professional paper,
Volume number/sequential designation 407
504 ## - BIBLIOGRAPHY, ETC. NOTE
Bibliography, etc. note Bibliography: p. 87-9l.
650 #0 - SUBJECT ADDED ENTRY--TOPICAL TERM
Topical term or geographic name entry element Geology
Geographic subdivision Minnesota
-- Cuyuna North Range
650 #0 - SUBJECT ADDED ENTRY--TOPICAL TERM
Topical term or geographic name entry element Ore deposits
Geographic subdivision Minnesota
-- Cuyuna North Range.
650 #0 - SUBJECT ADDED ENTRY--TOPICAL TERM
Topical term or geographic name entry element Iron ores
Geographic subdivision Minnesota
-- Cuyuna North Range
740 4# - ADDED ENTRY--UNCONTROLLED RELATED/ANALYTICAL TITLE
Uncontrolled related/analytical title The Cuyuna North Range, Minnesota.

No items available.

Powered by Koha